00321 a2200109 4500001001000000005001700010008004100027245003500068100002500103773006600128999001700194ART_4094820260410161647.0260409a 10aLas facultades de inspección1 aCaranta, Martín R.0 tConsultor tributariog- Año 10, Nº 118 (dic. 2016)wREV474 c13846d13846